00739cam a22002537a 4500003000500000005001700005008004100022010001000063011001000073035001000083040000900093082002200102100002200124245004800146260005200194300001600246490004300262500003400305650003100339650002800370700002400398700002100422830004200443CHAP20220817042004.0971013s1964 r 00010 d a30982 a31954 a36066 cCHAP a582.16097295bL5800aLittle, Elbert L. 0aTrees of Puerto Rico and the Virgin Islands aWashington :bDepartment of Agriculture,c1964- av.b: ilus. 0aUSDA. Agriculture handbookv; 249, 449 aLa biblioteca tiene: v.1, v.214aÁrbolesxIslas Virgenes.14aÁrbolesxPuerto Rico.0 aWadsworth, Frank H.0 aWoodbury, Roy O.0 aUSDA Agriculture handbookv; 249, 449